| 000 | 00421nam a22001697a 4500 | ||
|---|---|---|---|
| 003 | OSt | ||
| 005 | 20211006155753.0 | ||
| 008 | 211006b |||||||| |||| 00| 0 eng d | ||
| 020 | _a0471844934 | ||
| 040 | _cHU | ||
| 082 | _a155.4/CLA | ||
| 100 |
_aALISON CLARKE STEWART _910954 |
||
| 245 | _aCHILD DEVELOPMENT INFANCY THROUGH ADOLESCENCE | ||
| 260 |
_aAMERICA _bWILEY _c1987 |
||
| 300 | _a623P | ||
| 942 |
_2ddc _cBOOKS _n0 |
||
| 999 |
_c10124 _d10124 |
||